Zákony texaských jazdcov /

Guardado en:
Detalles Bibliográficos
Autor principal: L' AMOUR, Louis (Autor)
Otros Autores: Otčenáš, Igor (Traductor)
Formato: Libro
Lenguaje:eslovaco
Publicado: Bratislava Slovenský spisovateľ 1994
Edición:1. vydanie
Etiquetas: Agregar Etiqueta
Sin Etiquetas, Sea el primero en etiquetar este registro!

MARC

LEADER 00000nam a22000003a 4500
001 0102640
003 SK-STU
005 20230614135910.3
007 ta
008 230614s ----xo-----e------000-0-----d
020 |a 80-220-0531-2 
040 |a STU  |b slo 
041 0 |a slo 
044 |a xo 
100 1 |a L' AMOUR, Louis  |4 aut 
245 1 0 |a Zákony texaských jazdcov /  |c aut. Louis L' AMOUR ; prekl. Igor Otčenáš 
250 |a 1. vydanie 
260 |a Bratislava  |b Slovenský spisovateľ  |c 1994 
300 |a 246 s. 
700 1 |a Otčenáš, Igor  |4 trl 
996 |c I* 4SOA13938  |l I  |s A  |a 24  |w 0102640_0001